• 首页
  • 本馆介绍
  • 公告通知
  • 最新文献
  • 馆藏检索
  • 电子资源
  • 读者导购
  • 参考咨询
  • 我的图书馆
  • 登录
  • 详细信息显示
  • 放入我的书架
  • 预约/预借图书
  • 作者相关作品
  • 分类相关作品
  • 丛书相关作品
  • 出版社相关作品

书目信息

  • 表格格式
  • 工作单格式
  • 卡片格式
书名: Permar’s oral embroyology and microscopic anatomy
作者:
分册号:
分册名:
出版地: Philadelphia :
 
出版社: Lea & Febiger
出版时间: 1994.
页数: xiii, 278 p. :
开本: 26 cm.
丛书名:
中图分类号:
科图分类号:
其他分类号: R78
主题词:
电子资源:
000 01291pam a2200373 a 450
001 E0729944890
005 20070513082328.28
008 930608s1994 paua b 001 0 eng c
010    @a93005248
020    @a0812116593.
035    @A(DLC) 93005248
040    @aDNLM/DLC@cDLC@dDLC
050 10 @aRK280@b.P4 1994
060 00 @aWU 101 M521p 1994
082 00 @a611/.31@2 20
090    @aR78
099    @dR78@ex60=9
100 1  @aPermar, Dorothy.
240 10 @aOral embryology and microscopic anatomy
245 10 @aPermar’s oral embroyology and microscopic anatomy :@ba textbook for students in dental hygiene.
250    @a9th ed. / :@bRudy C. Melfi.
260    @aPhiladelphia :@bLea & Febiger,@c1994.
300    @axiii, 278 p. :@bill. (some col.) ;@c26 cm.
504    @aIncludes bibliographical references and index.
650  0 @aMouth@xHistology.
650  0 @aDental assistants.
650  0 @aTeeth@xHistology.
650  0 @aEmbryology, Human.
650  2 @aMouth@xembryology.
650  2 @aTooth@xanatomy & histology.
700 1  @aMelfi, Rudy C.
906    @a7@bcbc@corignew@d1@eocip@f19@gy-gencatlg
920    @aDo not acquire
955    @apc03 to nlm 06-08-93; yn05 to ASCD 06-14-93; jc01 06-15-93; jc03 06-16-93; aa03 6-16-93; CIP ver. pv08 12-21-93
    
    Permar’s oral embroyology and microscopic anatomy : : a textbook for students in dental hygiene.-9th ed. / : : Rudy C. Melfi.-Philadelphia : : Lea & Febiger, , 1994.
    xiii, 278 p. : : ill. (some col.) ; ; 26 cm.
    Includes bibliographical references and index.
    
    ISBN 0812116593.
    
●
相关链接 在E读中查询图书 在五车中查询图书 在当当中查询图书 在豆瓣中查询图书


正题名:Permar's oral embroyology and microscopic anatomy     索取号:R78/x60=9         预约/预借

序号 登录号 条形码 馆藏地/架位号 状态 备注
1 0007685   300076851   第二样本阅览室/ [索取号:R78/x60=9] 在馆    
唐山师范学院图书馆 欢迎您!
大连网信软件有限公司© 版权所有